[Event "Mittelfranken-ch QT 49th"]
[Site "Ansbach"]
[Date "2000.??.??"]
[Round "4"]
[White "Hahn, Frank"]
[Black "Hennemann, Herbert"]
[Result "1-0"]
[WhiteElo "1596"]
[BlackElo "1490"]
[PlyCount "137"]
[EventDate "2000.04.19"]
[EventType "swiss"]
[EventRounds "7"]
[EventCountry "GER"]
[SourceTitle "EXT 2015"]
[Source "ChessBase"]
[SourceDate "2014.11.20"]
[SourceVersion "1"]
[SourceVersionDate "2014.11.20"]
[SourceQuality "1"]

1. d4 Nf6 2. Nf3 d5 3. c4 e6 4. e3 c5 5. cxd5 cxd4 6. dxe6 Bxe6 7. Nxd4 Bd5 8. Nc3 a6 9. Nxd5 Qxd5 10. Qa4+ b5 11. Qc2 Be7 12. Be2 Ra7 13. Qc8+ Qd8 14. Qxd8+ Bxd8 15. Bf3 0-0 16. Bd2 Bb6 17. Bc3 Nbd7 18. Nc6 Rc7 19. Bb4 Nc5 20. 0-0 Rfc8 21. Bxc5 Bxc5 22. Na5 Bb4 23. Nb3 Bf8 24. a3 g5 25. h3 h5 26. Rac1 Rc4 27. Rxc4 bxc4 28. Rc1 g4 29. hxg4 hxg4 30. Be2 g3 31. fxg3 Bh6 32. Rxc4 Bxe3+ 33. Kf1 Re8 34. Bf3 Kg7 35. Nd4 Kg6 36. Ne2 Rh8 37. Nf4+ Kg7 38. Rc6 a5 39. Ra6 Bc1 40. Rxa5 Bxb2 41. a4 Rh1+ 42. Ke2 Re1+ 43. Kxe1 Bc3+ 44. Ke2 Bxa5 45. Nh5+ Nxh5 46. Bxh5 Kf6 47. Kf3 Ke7 48. g4 Kf6 49. g5+ Kxg5 50. Bxf7 Bc7 51. g4 Ba5 52. Be6 Be1 53. Ke4 Ba5 54. Kd5 Kf6 55. Bf5 Kg5 56. Kc5 Bd2 57. Kb5 Bc3 58. a5 Bxa5 59. Kxa5 Kf4 60. Kb5 Ke5 61. Kc5 Kf6 62. Kd5 Kg5 63. Ke5 Kh6 64. Kf4 Kg7 65. Kg5 Kh8 66. Kh6 Kg8 67. g5 Kh8 68. g6 Kg8 69. Be6+ 1-0

[Event "Mittelfranken-ch QT 49th"]
[Site "Ansbach"]
[Date "2000.??.??"]
[Round "5"]
[White "Weinmann, Stefan"]
[Black "Hahn, Frank"]
[Result "1-0"]
[WhiteElo "1992"]
[BlackElo "1596"]
[PlyCount "43"]
[EventDate "2000.04.19"]
[EventType "swiss"]
[EventRounds "7"]
[EventCountry "GER"]
[SourceTitle "EXT 2015"]
[Source "ChessBase"]
[SourceDate "2014.11.20"]
[SourceVersion "1"]
[SourceVersionDate "2014.11.20"]
[SourceQuality "1"]

1. d4 Nf6 2. c4 e6 3. Nf3 b6 4. a3 a5 5. Nc3 Bb7 6. Bf4 c6 7. e4 d6 8. Bd3 Be7 9. Rc1 Na6 10. 0-0 0-0 11. Bb1 d5 12. cxd5 cxd5 13. e5 Ne8 14. h4 Qd7 15. Re1 Bc6 16. Qd3 f5 17. exf6 Nxf6 18. Ne5 Qe8 19. Bg5 Ne4 20. Bxe7 Qxe7 21. Nxc6 Qxh4 22. Nxe4 1-0